000 00376nam a2200181Ia 4500
100 _aStallings/William
650 _aoperating
250 _a5
942 _cBK
366 _f20
654 _aprogramming
245 _aOperating Systems
260 _bPearson Education
_aMumbai
_c2005
082 _a005.43/STA
_bSTA
300 _a818
546 _aENGLISH
999 _c34416
_d34416